000 00326nam a2200133Ia 4500
008 190216s9999||||xx |||||||||||||| ||und||
100 _aDr.K.X.Joseph
245 0 _aQuantitative Techniques
250 _a1st Ed.
260 _bCalicut University Central Co-Operative
_c2006
300 _a264
650 _aCommerce
942 _cBK
999 _c8203
_d8203